00813nam a22002057a 450000500170000001000150001702000260003203500140005803700090007208200110008110000300009224500740012225000060019626000360020227001520023830000200039094200220041099900190043295201560045120260612164548.0 aENG-148834 c900.00a9788119664887 aEN-132366 bDBAD a26821 aChoondal, Gilbert 966345 aReadings in Catechetics:bA Complete Resource Book/cGilbert Choondal a1 bATC PublishersaBengaluruc2024 aSt's Mary Block, Archdiocesan,Pastoral Center,#5, Nandidurga Road,Benson TownbBengalurue560046k+918025491999k7090100444minfo@atcpublishers.com a617p.c21cm(pb) 2ddccENh268mCHO c216634d216634 001040718NFICaDBADbDBADd2026-06-12eDelivery of Books Act Divisiong900.00l0o268 CHOpEN-132366r2026-06-12 16:46:15t1v900.00w2026-06-12yEN